| 000 | 00394nam a2200097Ia 4500 | ||
|---|---|---|---|
| 008 | 180130s9999 xx 000 0 und d | ||
| 245 |
_cHoecker, Maximilian; Kunze, Marcel _aAn on-demand scaling stereoscopic 3D video streaming service in the cloud |
||
| 260 | _c2016 | ||
| 300 | _aBook title: Cloud architecture and engineering--Acession number C20554; pages 153-162 | ||
| 650 | _aCLOUD ARCHITECTURE | ||
| 999 |
_c353842 _d353842 |
||